| 000 | 00617 a2200217 4500 | ||
|---|---|---|---|
| 005 | 20260427154750.0 | ||
| 008 | 260427b |||||||| |||| 00| 0 eng d | ||
| 020 |
_a9781032534541 _cRs. 1595.00 |
||
| 040 | _aMAIN | ||
| 082 |
_a791.430954 _bJ776R |
||
| 100 | _aAbraham, Joshil K, ed. | ||
| 245 | _aRoutledge companion to caste and cinema in India | ||
| 260 |
_bRoutledge _c2026 _aNew York |
||
| 300 | _axvii, 421 | ||
| 650 | _aCaste- India | ||
| 650 | _aCaste in Motion Pictures | ||
| 650 | _aMass Media and Society India | ||
| 650 | _aCinema- India | ||
| 700 | _aBarak, Misrahi Judith, ed. | ||
| 942 | _cBK | ||
| 999 |
_c397283 _d397283 |
||